000 00343nam a2200145Ia 4500
999 _c7206
_d7206
008 191201s1997 xx 000 0 und d
020 _a9788185749624
100 _aGILL,P S
245 0 _aEngineering Drawing
250 _a10th
260 _c1997
_bS K Kataria and Sons
_aN.Delhi
300 _a710
650 _aAPPLIED
942 _2ddc
_cBB
_0531